000 00566nam a2200193Ia 4500
005 20250326144905.0
008 250326s9999 xx 000 0 und d
020 _a0-13-026465-2
037 _aTextbook
040 _aFMSL
_beng
_cFMSL
041 _aeng
_2eng
084 _aX:89Q P1
_qFMSL
100 _aChopra S
_9102516
245 0 _aSupply chain management:strategy, planning, and operation
_cChopra S; Meindl P
260 _aNew Jersey
_bNew Jersey, Prentice-Hall
_c2001
300 _a457p
942 _cTB
_hX:89Q P1
999 _c1305488
_d1305488